000 00970nam a2200229Ii 4500
003 JO-AjNU
008 230605s9999||||xx |||||||||||||| ||und||
017 _a2007/6/1649
020 _a978-9957-463-53-3
040 _aJO-AjNU
_bara
_erda
_cJO-AjNU
041 _aara
050 1 4 _aDS154.6.J57 2007
100 3 _aاعداد الدويري، زايد نواف، م.مشارك البرماوي، جميل نواف,
_eauthor
_916161
245 0 0 _aخطاب للعقول والقلوب: قراءة في خطاب جلالة الملك عبدالله الثاني أمام الكونغرس الأمريكي وردود الفعل عليه محليا وعربيا وعالميا
250 _aط1
264 3 1 _aعمان: دار كنوز المعرفة، 2007
300 _a144ص
336 _atext
_btxt
_2rdacontent
337 _aunmediated
_bn
_2rdamedia
338 _avolume
_bnc
_2rdacarrier
650 4 _aالاردن-تاريخ - السياسية الخارجية
_916162
999 _aA4728
_c8296
_d8296